000 00770nam a22002411u 4500
001 05915
003 HDC
007 cr bn ---aaaaa
008 210121p2011 | d 00 engg
040 _aHDC
245 0 _aInternational Halal Conference-2011
260 _a[no place] :
_b[publisher not identified],
_c2011
300 _a 1 online resource (39 pages)
336 _atext
_2rdacontent
337 _acomputer
_2rdamedia
338 _aonline resource
_2rdacarrier
650 _ahalal sector
_94858
650 _aHalal
_9294
856 _zRequest full-text at [email protected]
942 _2lcc
942 _cEIS
942 _kREPT 000217
999 _c3239
_d3239